Marvel A-Z - Statistics

General Stats
  • This quiz has been taken 125 times
  • The average score is 19 of 26
Answer Stats
Letter Hint Answer % Correct
A Thor's Planet Asgard
96%
B King of Wakanda Black Panther
91%
P Spider-Man's Secret Identity Peter Parker
88%
F Sam Wilson Falcon
84%
D Blind Lawyer Daredevil
83%
T God of Thunder Thor
83%
G Space Team Guardians of the Galaxy
82%
K Villain from Black Panther Killmonger
82%
O The Allfather Odin
82%
Q Last Name of Star-Lord Quill
82%
U Age of- Ultron
81%
V Paul Bettany Plays (Not J.A.R.V.I.S.) Vision
81%
W James Howlett Now Known as Logan Wolverine
81%
I Built in A Cave Iron Man
76%
R Plays Deadpool Ryan Reynolds
76%
S The Cameo King (R.I.P.) Stan Lee
75%
J Phoenix Jean Grey
72%
Y Adopted Father of Star-Lord Yondu
70%
M Name of the Company Marvel Comics
67%
N King of the Seven Seas Namor
63%
L Wife of Hawk-Eye (MCU) Laura Barton
60%
E Girlfriend of Above Elektra
57%
H Enemy of Cap Hydra
55%
X Planet of the Novas Xandar
49%
C Cyclops' Son Cable
43%
Z Plays Fandral in Thor 2 and 3 Zachary Levi
29%
No matching quizzes found
Score Distribution
Percent of People with Each Score
Percentile by Number Answered
Your Score History
You have not taken this quiz